Sociálne zabezpečenie vestník Štátneho úradu sociálneho zabezpečenia

Bibliographic Details
New Title:Sociálna politika
Other Authors: Pietrzyk, Ján (Publishing director), Erben, Bohumil, 1910-1965 (Publishing director)
Format: Journal
Language:Slovak
PhysicalDescription:9 zv. 29 cm
Published: Praha Bratislava Štátny úrad sociálneho zabezpečenia 1960-1968
ISSN:0139-6935
Subjects:

MARC

LEADER 00000cas a2200000 a 4500
001 vtls010299893
003 SK-MaSNL
005 20260228163322.0
008 160425d19601968xo mr p 0 b0slo
040 |a SNK  |b slo  |c SNK  |e AACR2 
041 0 |a slo 
044 |a xo  |c SK 
072 7 |a 36  |x Zaistenie duševných a materiálnych potrieb  |2 konspekt 
072 7 |a 364  |x Sociálne problémy vyžadujúce podporu a pomoc. Sociálne zabezpečenie  |2 konspekt 
080 |a 364  |2 2001 
080 |a 36  |2 2001 
245 0 0 |a Sociálne zabezpečenie  |b vestník Štátneho úradu sociálneho zabezpečenia 
260 |a Praha  |a Bratislava  |b Štátny úrad sociálneho zabezpečenia  |c 1960-1968 
300 |a 9 zv.  |c 29 cm 
310 |a 1x mesačne 
362 0 |a Roč. IX, č. 1 (október 1960)-roč. XVII, č. 12 (december 1968) 
500 |a Ved. red. Ján Pietrzyk 
500 |a Časopis vychádzal v Prahe a od okt. 1960 podľa rozhodnutia odboru školstva a kultúry pri SNR č. 117000/60 sa pre potreby sociálnych pracovníkov na Slovensku vydávala slov. mut. čas., s red. a admin. v Bratislave 
500 |a Zmena podnázvu: od 1/XI (1962) sa podnázov neuvádza 
580 |a Pokračoval ako Sociálna politika 
650 0 7 |a sociálna starostlivosť  |2 SNKPH  |9 3737 
650 0 7 |a sociálne zabezpečenie  |2 SNKPH  |9 3720 
655 7 |a špecializované časopisy  |2 SNKPH  |9 70509 
700 1 |a Pietrzyk, Ján  |4 pbd  |9 270478 
700 1 |a Erben, Bohumil,  |d 1910-1965  |4 pbd  |9 131716 
785 0 0 |t Sociálna politika  |x 0139-6935  |w vtls008883353 
910 |a snk 
916 |a 1960-1968 
958 |a OND 
999 |c 9232  |d 11162 
952 |0 0  |1 0  |4 0  |7 0  |a SNK  |b SNK  |d 1998-12-09  |f 1  |i snkČSP 618/65  |l 0  |o snkČSB 1337/13/1964  |p 17A0173601  |r 2005-01-02 00:00:00  |t č. 1-12  |w 2026-02-21  |y PREZ 
952 |0 0  |1 0  |4 0  |7 0  |a SNK  |b SNK  |d 1998-12-09  |f 1  |i snkČSP 778/67  |l 0  |o snkČSB 1337/15/1966  |p 17A0173604  |r 2005-01-02 00:00:00  |t č. 1-12  |w 2026-02-21  |y PREZ 
952 |0 0  |1 0  |4 0  |7 0  |a SNK  |b SNK  |d 1998-12-09  |f 1  |i snkČSP 1474/61  |l 0  |o snkČSB 1337/9/1960  |p 17A0173316  |r 2005-01-02 00:00:00  |t č. 10-12  |w 2026-02-21  |y PREZ 
952 |0 0  |1 0  |4 0  |7 0  |a SNK  |b SNK  |d 1998-12-09  |f 1  |i snkČSP 211/67  |l 0  |o snkČSB 1337/14/1965  |p 17A0172533  |r 2005-01-02 00:00:00  |t č. 1-12  |w 2026-02-21  |y PREZ 
952 |0 0  |1 0  |4 0  |7 0  |a SNK  |b SNK  |d 1998-12-09  |f 1  |i snkČSP 190/62  |l 0  |o snkČSB 1337/10/1961  |p 17A0173315  |r 2005-01-02 00:00:00  |t č. 1-12  |w 2026-02-21  |y PREZ 
952 |0 0  |1 0  |4 0  |7 0  |a SNK  |b SNK  |d 1998-12-09  |i snkČSP 1473/61  |l 0  |o snkČSB 1337/9/1960 D1  |p 17A0173161  |r 2005-01-02 00:00:00  |t č. 10-12  |w 2026-02-21  |y PREZ 
952 |0 0  |1 0  |4 0  |7 0  |a SNK  |b SNK  |d 1998-12-09  |f 1  |i snkČSP 653/68  |l 0  |o snkČSB 1337/16/1967  |p 17A0172803  |r 2005-01-02 00:00:00  |t č. 1-12  |w 2026-02-21  |y PREZ 
952 |0 0  |1 0  |4 0  |7 0  |a SNK  |b SNK  |d 1998-12-09  |f 1  |i snkČSP 878/63  |l 0  |o snkČSB 1337/11/1962  |p 17A0173290  |r 2005-01-02 00:00:00  |t č. 1-12  |w 2026-02-21  |y PREZ 
952 |0 0  |1 0  |4 0  |7 0  |a SNK  |b SNK  |d 1998-12-09  |f 1  |i snkČSP 162/64  |l 0  |o snkČSB 1337/12/1963  |p 17A0173480  |r 2005-01-02 00:00:00  |t č. 1-12  |w 2026-02-21  |y PREZ 
952 |0 0  |1 0  |4 0  |7 0  |a SNK  |b SNK  |d 1997-01-15  |f 1  |i snkČSP 353/69  |l 0  |o snkČSB 1337/17/1968  |p 17A0031100  |r 2005-01-01 00:00:00  |t č. 1-12  |w 2026-02-21  |y PREZ